01073nam0a22002411 4500001001500000005001700015035002600032100004100058101000800099102000700107105001800114200023700132210006000369215001500429300004300444300004900487700011400536702009400650801001800744801002200762801002700784852002000811v19\rc\167756520250619053137.0 a(NLR Aleph) 004841153 a20061002d1896 |||y0rusy50 ca0 arus aRU ay z |||a|1 aКак родные братьяeПовесть [из жизни галицийских русин]f[Соч.] О. ФедьковичаgС галицко-рус. наречия переложил Н. Златовратский aМоскваcтип. т-ва И.Д. Сытинаd1896 a32 с.d16 aНа обл. авт. не указан aНа тит. л. номер изд.: № 168 17ca8rusaФедьковичbЮ. А.f1834-1888gЮрий Адальбертович3RU\NLR\AUTH\770250891 1aЗлатоврацкийbН.Н.f1845-1911gНиколай Николаевич4730 0aRUbNLRgpsbo 0aRUbRuMoRGB2psbo 1aRUbProSoft-M2rusmarc aNLRj20.96.3.74